000 00372pab a2200145 454500
008 180718b2006 xxu||||| |||| 00| 0 eng d
100 _aHrebiniak, Lawrence G.
245 _aObstacles to effective strategy implementation
260 _c2006
300 _ap.12-31.
362 _aFeb
650 _aStrategic planning
773 _aOrganizational Dynamics
909 _a71820
999 _c71820
_d71820